Muscles of Back, Pectoral and Shoulder Regions - Statistics

General Stats
  • This quiz has been taken 21 times
  • The average score is 12 of 27
Answer Stats
Muscle Group Muscle Innervation Blood Supply % Correct
Pectoral Region Pectoralis Major Medial and Lateral Pectoral Thoracoacromial
94%
Shoulder Region Deltoid Axillary Thoracoacromial
89%
Pectoral Region Pectoralis Minor Medial and Lateral Pectoral Thoracoacromial
89%
Shoulder Region Teres Major Lower subscapular Subscapular, circumflex scapular
89%
Shoulder Region Teres Minor Axillary Subscapular, circumflex scapular
89%
Extrinsic Superficial Back Trapezius Spinal Accessory Occipital and Tranvserse Cervical
83%
Extrinsic Superficial Back Latissimus Dorsi Thoracodorsal Thoracodorsal, subscapular
78%
Shoulder Region Infraspinatus Suprascapular Suprascapular
72%
Shoulder Region Supraspinatus Suprascapular Suprascapular
72%
Extrinsic Superficial Back Rhomboid Major Dorsal Scapular Dorsal Scapular
67%
Extrinsic Superficial Back Rhomboid Minor Dorsal Scapular Dorsal Scapular
61%
Pectoral Region Serratus Anterior Long Thoracic Thoracoacromial
56%
Shoulder Region Subscapularis Upper and Lower Subscapular Subscapular, circumflex scapular
56%
Extrinsic Superficial Back Levator Scapular Dorsal Scapular Dorsal Scapular
22%
Intrinsic Intermediate (Erector Spinae) Back Longissimus Dorsal Rami N/A
22%
Intrinsic Intermediate (Erector Spinae) Back Spinalis Dorsal Rami N/A
22%
Intrinsic Intermediate (Erector Spinae) Back Iliocostalis Dorsal Rami N/A
17%
Intrinsic Deep (Transversospinalis) Back Multifidus Dorsal Rami N/A
17%
Intrinsic Deep (Transversospinalis) Back Rotatores Dorsal Rami N/A
11%
Intrinsic Deep (Transversospinalis) Back Semispinalis Dorsal Rami N/A
11%
Extrinsic Intermediate Back Serratus Posterior Inferior Intercostal T9-12 N/A
11%
Extrinsic Intermediate Back Serratus Posterior Superior Intercostal T2-5 N/A
11%
Intrinsic Superficial Back Splenius Cervicis Dorsal Rami N/A
11%
Intrinsic Deep (Minor) Back Interspinales Dorsal Rami N/A
6%
Intrinsic Deep (Minor) Back Intertransversarii Dorsal Rami N/A
6%
Intrinsic Superficial Back Splenius Capitus Dorsal Rami N/A
6%
Intrinsic Deep (Minor) Back Levatores Costarum Dorsal Rami N/A
0%
No matching quizzes found
Score Distribution
Percent of People with Each Score
Percentile by Number Answered
Your Score History
You have not taken this quiz